Normal view
MARC view
- Perry M. Smith
Entry Personal Name
001 - CONTROL NUMBER
- control field: 325
003 - CONTROL NUMBER IDENTIFIER
- control field: NUST
005 - DATE AND TIME OF LATEST TRANSACTION
- control field: 20170510164736.0
008 - FIXED-LENGTH DATA ELEMENTS
- fixed length control field: 170510|| aca||aabn | a|a d
040 ## - CATALOGING SOURCE
- Original cataloging agency: NUST
- Transcribing agency: NUST
100 ## - HEADING--PERSONAL NAME
- Personal name: Perry M. Smith
670 ## - SOURCE DATA FOUND
- Source citation: Work cat.: (NUST)24202: Perry M. Smith, Rules and Tools for Leaders, c2002.
